Vector analysis (Record no. 7709)

MARC details
000 -LEADER
fixed length control field 00706nam a2200217Ia 4500
003 - CONTROL NUMBER IDENTIFIER
control field IN-BaIIA
008 - FIXED-LENGTH DATA ELEMENTS--GENERAL INFORMATION
fixed length control field 211028s9999 xx 000 0 eng d
040 ## - CATALOGING SOURCE
Transcribing agency IIA Library
080 ## - UNIVERSAL DECIMAL CLASSIFICATION NUMBER
Universal Decimal Classification number 512.9
Item number KRA-1,2
100 ## - MAIN ENTRY--PERSONAL NAME
Personal name Krasnov, M. L.
9 (RLIN) 13039
245 #0 - TITLE STATEMENT
Title Vector analysis
Remainder of title a revision of young manual of astronomy
Statement of responsibility, etc. Krasnov M. L., Kiselev A. and Makarenko G. I. ; translated by George Yankovsky
260 ## - PUBLICATION, DISTRIBUTION, ETC.
Place of publication, distribution, etc. Moscow
Name of publisher, distributor, etc. MIR Publishers
Date of publication, distribution, etc. 1981
300 ## - PHYSICAL DESCRIPTION
Extent 190p.
500 ## - GENERAL NOTE
General note Donated by Mrs. Bappu
650 ## - SUBJECT ADDED ENTRY--TOPICAL TERM
Topical term or geographic name entry element Astronomy and Astrophysics Thesaurus
650 ## - SUBJECT ADDED ENTRY--TOPICAL TERM
Topical term or geographic name entry element Differential Equations
9 (RLIN) 1510
650 ## - SUBJECT ADDED ENTRY--TOPICAL TERM
Topical term or geographic name entry element Vector Analysis
700 ## - ADDED ENTRY--PERSONAL NAME
Personal name Kiselev, A.
9 (RLIN) 13040
700 ## - ADDED ENTRY--PERSONAL NAME
Personal name Makarenko, G. I.
9 (RLIN) 13041
942 ## - ADDED ENTRY ELEMENTS (KOHA)
Koha item type Books
Holdings
Withdrawn status Lost status Damaged status Not for loan Home library Current library Shelving location Date acquired Total Checkouts Full call number Barcode Date last seen Price effective from Koha item type
        IIA Library-Bangalore IIA Library-Bangalore General Stacks 26/07/1983   512.9/ KRA-1,2 8524 05/11/2021 26/07/1983 Books

Powered by Koha